书目信息 |
| 题名: |
寻找哥伦布
|
|
| 作者: | 安德鲁斯 著 ;曾宁 译 | |
| 分册: | ||
| 出版信息: | 长沙 湖南人民出版社 2010.01 |
|
| 页数: | 202页 | |
| 开本: | 24cm | |
| 丛书名: | ||
| 单 册: | ||
| 中图分类: | I561.45 | |
| 科图分类: | ||
| 主题词: | 长篇小说--chang pian xiao shuo--英国--现代 | |
| 电子资源: | ||
| ISBN: | 978-7-5438-6228-9 | |
| 000 | 01042nam0 2200253 450 | |
| 001 | 012010715869 | |
| 005 | 20100626145526.07 | |
| 010 | @a978-7-5438-6228-9@dCNY26.00 | |
| 100 | @a20100626d2010 em y0chiy0120 ea | |
| 101 | 1 | @achi@ceng |
| 102 | @aCN@b430000 | |
| 105 | @aa z 000ay | |
| 106 | @ar | |
| 200 | 1 | @a寻找哥伦布@Axun zhao ge lun bu@d= Chasing columbus the history detective series@f戴维·J·安德鲁斯 (英国) 著@Fdai wei·J·an de lu si(ying guo)zhu@g曾宁译@Gzeng ning yi@zeng |
| 210 | @a长沙@c湖南人民出版社@d2010.01 | |
| 215 | @a202页@c图@d24cm | |
| 330 | @a本书讲述的是: 在加那利群岛特内里费的西南角,有一座人烟廖廖、怪石林立的小岛——拉戈梅拉岛。早在1492年,这里被称之为世界之端,深埋着无穷的宝藏…… | |
| 500 | 10 | @aChasing columbus the history detective series@mChinese |
| 606 | 0 | @a长篇小说@Achang pian xiao shuo@y英国@z现代 |
| 690 | @aI561.45@v4 | |
| 701 | 1 | @a安德鲁斯@Aan de lu si@g(Andrews, David J.)@4著 |
| 702 | 0 | @a曾宁@Azeng ning@4译 |
| 801 | 0 | @aCN@bQSSK@c20100626 |
| 905 | @b784595-97@dI561.45@eA491@f3 | |
| 寻找哥伦布= Chasing columbus the history detective series/戴维·J·安德鲁斯 (英国) 著/曾宁译.-长沙:湖南人民出版社,2010.01 |
| 202页:图;24cm |
| ISBN 978-7-5438-6228-9:CNY26.00 |
| 本书讲述的是: 在加那利群岛特内里费的西南角,有一座人烟廖廖、怪石林立的小岛——拉戈梅拉岛。早在1492年,这里被称之为世界之端,深埋着无穷的宝藏…… |
| ● |
| 相关链接 |
|
|
|
正题名:寻找哥伦布
索取号:I561.45/A491
 
预约/预借
| 序号 | 登录号 | 条形码 | 馆藏地/架位号 | 状态 | 备注 |
| 1 | 784595 | 207845956 | 文学库116/116文学库 20排4列4层/ [索取号:I561.45/A491] | 在馆 | |
| 2 | 784596 | 207845965 | 文学库116/116文学库 20排4列4层/ [索取号:I561.45/A491] | 在馆 | |
| 3 | 784597 | 207845974 | 社科二线422/116文学库 20排4列4层/ [索取号:I561.45/A491] | 在馆 |